| 000 | 00937cam a22003133a 4500 | ||
|---|---|---|---|
| 001 | 26584 | ||
| 003 | PGUSA | ||
| 005 | 20140828083556.0 | ||
| 008 | 080901s2008||||xxu|||||s|||||000 1 eng d | ||
| 040 |
_aPGUSA _beng |
||
| 042 | _adc | ||
| 050 | 4 | _aPR | |
| 100 | 1 |
_aWoolf, Virginia, _d1882-1941 |
|
| 245 | 1 | 0 |
_aNight and Day _h[electronic resource] / _cVirginia Woolf |
| 260 |
_bProject Gutenberg, _c2008 |
||
| 506 | _aPublic domain in the USA. | ||
| 516 | _aElectronic text | ||
| 653 | _aDomestic fiction | ||
| 653 | _aLondon (England) -- Fiction | ||
| 653 | _aBiographers -- Fiction | ||
| 653 | _aLove stories | ||
| 653 | _aPoets -- Family relationships -- Fiction | ||
| 653 | _aMothers and daughters -- Fiction | ||
| 653 | _aYoung women -- Fiction | ||
| 653 | _aTriangles (Interpersonal relations) -- Fiction | ||
| 830 | 0 |
_aProject Gutenberg _v26584 |
|
| 856 | 4 | 0 | _uhttp://www.gutenberg.org/ebooks/26584 |
| 942 | _cEB | ||
| 999 |
_c255839 _d255839 |
||